000 00711nas a2200229 4500
001 BR8300498
003 BR-BrBNA
005 20231205085421.0
007 ta
008 230509b bl.|||p| |||| 00| 00por d
040 _aBR-BrBNA
_bpor
_cBiblioteca Nacional de Agricultura
041 _a(Pt)
072 _aE70
100 1 _aFernandes, D.P. de L.
245 1 _aAspectos economicos e estatisticos do trigo no Brasil
650 _aTRIGO
650 _aCONSUMO
650 _aEXPORTACAO
773 0 _tInforme Agropecuario - Empresa de Pesquisa Agropecuaria de Minas Gerais (Brazil)
_xISSN 0100-3364
_g(Jan 1983), v. 9(97) p. 3-9
_wBR8300498
909 _a202311
_bLúcia
_c55
_dLúcia Elande
942 _2AGRIS
_n0
_cANA
999 _c111318
_d111318